| 000 | 01661cam a22004337a 4500 | ||
|---|---|---|---|
| 001 | 000092616 | ||
| 003 | CHAP | ||
| 005 | 20250613133216.0 | ||
| 008 | 041126d2004 mx a r 00110 spa d | ||
| 010 | _a89082 | ||
| 011 | _a90054 | ||
| 035 | _a100610 | ||
| 040 | _cCHAP | ||
| 090 | _aTesis | ||
| 100 | 0 | 0 |
_aGarcía Ruiz, Mayra Teresa. _946573 |
| 245 | 1 | 0 |
_aEvaluación de las propiedades físicas y químicas en la maduración de la piña (Ananas comosus (L.) Merr), en Guatuso, Costa Rica / _c/por Mayra Teresa García Ruiz. |
| 260 |
_aChapingo, Méx. : _bEl autor, _c2004. |
||
| 300 |
_a62 h. : _bilis. ; gráfs. |
||
| 502 | _aTesis (Ing. Agr. Esp. en Fitotecnia) - - UACH. Departameto de Fitotecnia | ||
| 590 |
_aALEPH _b10 _c20130110 _lUCH01 _h1501 |
||
| 590 |
_aBATCH-UPD _b10 _c20130110 _lUCH01 _h0548 |
||
| 590 |
_aBATCH-UPD _b10 _c20130410 _lUCH01 _h0229 |
||
| 590 |
_aBATCH-UPD _b10 _c20130914 _lUCH01 _h1530 |
||
| 590 |
_aBATCH-UPD _b10 _c20140324 _lUCH01 _h1446 |
||
| 590 |
_aBATCH-UPD _b10 _c20141002 _lUCH01 _h0823 |
||
| 590 |
_aCONVERSION _b10 _c20130109 _lUCH01 _h1349 |
||
| 590 |
_aE12093SGE _b10 _c20130621 _lUCH01 _h1053 |
||
| 650 | 1 | 7 |
_aPiña (Ananas comosus) _xMaduración _2 _988410 |
| 650 | 1 | 7 |
_aPiña (Ananas comosus) _xMercadeo _2 _988411 |
| 650 | 1 | 4 |
_aPiña (Ananas comosus) _xPerdidas postcocecha _988417 |
| 650 | 1 | 4 |
_aPiña (Ananas comosus) _zCosta Rica _988430 |
| 856 |
_3Finding aid _uhttp://10.13.5.2/tesis/100610.pdf _zTeclea aquí |
||
| 901 | _aBK | ||
| 905 | _aLilia | ||
| 942 | _cCD | ||
| 942 | _n0 | ||
| 949 |
_aTesis _bBC _cTES _d100610 _eTS1 _h42871 _i100610 _sb |
||
| 949 |
_aTesis _bBC _cTES _d33724000928347 _eTS2 _fc.2 _h42872 _i100610 _sb |
||
| 999 |
_c89082 _d89082 |
||